000 00395nam a22001697a 4500
005 20160618120946.0
008 160618b xxu||||| |||| 00| 0 eng d
020 _a81-203-2447-1
041 _aeng
082 _b8109
100 _aJones, John Philip and salter, Jan S
_92037
245 _aWhats in a name
260 _bPHI
_c2003
300 _a236
650 _aManagement
_9241
942 _cBK
999 _c3076
_d3075